000 00251nam a2200097Ia 4500
001 693071
005 20250826161907.0
008 250824s9999 xx 000 0 und d
245 0 _aYAĞMUR AKŞAMLARI/S.İLERİ/EVEREST
_cSELİM İLERİ
260 _bEVEREST
999 _c693071
_d693071